| 000 | 00349nam a2200145Ia 4500 | ||
|---|---|---|---|
| 008 | 150201s1997 xx 000 0 und d | ||
| 082 |
_a615.82 _bL97C |
||
| 100 | _aCOLE , ANDREW J. | ||
| 245 | _aTHE LOW , BACK PAIN HAND BOOK | ||
| 250 | _a1ST | ||
| 260 |
_bJAYPEE _aINDIA _c1997 |
||
| 300 | _a1-468 | ||
| 650 | _aPHYSIOTHERAPY | ||
| 942 |
_2ddc _cBK _06 |
||
| 999 |
_c1500 _d1500 |
||